Studies about humus : transactions of the VIIIth International Symposium Humus et Planta, Prague, 29 August-3rd September 1983 /
Guardado en:
| Autor Corporativo: | |
|---|---|
| Otros Autores: | |
| Formato: | Libro |
| Idioma: | English Russian |
| Publicado: |
Prague :
Research Institute of Crop Production,
1983.
|
| Etiquetas: |
Agregar Etiqueta
Sin Etiquetas, Sea el primero en etiquetar este registro!
|
| LEADER | 01152nam a2200205 a 4500 | ||
|---|---|---|---|
| 001 | EEA.libagro010022 | ||
| 005 | 20190523113754.0 | ||
| 008 | 850408s1983####cs#a##########100#0#eng## | ||
| 041 | 0 | |a eng |a rus | |
| 082 | 0 | 0 | |a 631.875 |
| 111 | 2 | |a International Symposium "Humus et Planta" |n (8th : |d 1983 : |c Prague, Czechoslovakia) | |
| 245 | 1 | 0 | |a Studies about humus : |b transactions of the VIIIth International Symposium Humus et Planta, Prague, 29 August-3rd September 1983 / |c editor-in-chief Bohumír Novák ... [et al.] = Doklady o gumuse : sbornik dokladov Mezhdunarodnogo simpoziuma Humus et Planta VIII, Praga, 29 avgusta-3 sentëiìbrëiìa 1983 / glavnyæi redaktor Bohumír Novák ... [et al.]. |
| 260 | |a Prague : |b Research Institute of Crop Production, |c 1983. | ||
| 300 | |a 2 v. : |b il. ; |c 30 cm. | ||
| 500 | |a Trabajos presentados: en inglés y ruso. | ||
| 700 | 1 | |a Novák, Bohumír. | |
| 740 | 0 | |a Sbornik dokladov Mezhdunarodnogo simpoziuma Humus et Planta VIII. | |
| 740 | 0 | |a Humus et Planta VIII. | |
| 859 | |a AR-BbBCA |b BIB. AGRONOMIA |h 631.875 |i St933-1 |p 1987/0860 |v Vol. 1 |3 Vol. 1 | ||
| 859 | |a AR-BbBCA |b BIB. AGRONOMIA |h 631.875 |i St933-1 |p 1987/0861 |v Vol. 2 |3 Vol. 2 | ||
